000 00296nam a22001337a 4500
008 170519b xxu||||| |||| 00| 0 eng d
020 _a9780312415938
041 _aeng
080 _22ND
_a94
100 _a16
101 _aSHH
245 _aTHE MAKING OF THE WEST
_cLUALDI,K.J
942 _2udc
_cBK
999 _c13525
_d13525